Bienvenue au Catalogue en Ligne des Bibliothèques de l'Universite du Burundi

Essai d´extraction et de quantification de la caféine dans les espèces camellia sinensis var.Assamica (Royle ex Hook.) Steenis (thé vert) et Andrographis paniculata(Burm.f.)Wall.ex Nees cultivées au burundi (Record no. 53996)

000 -GUIDE
Champ de contrôle de longueur fixe 01083nam a22002417a 4500
003 - IDENTITÉ DU NUMÉRO DE CONTRÔLE
Champ de contrôle BI-BuBU
008 - ÉLÉMENTS DE LONGUEUR FIXE - RENSEIGNEMENTS GÉNÉRAUX
Champ de contrôle de longueur fixe 260609b20269/6 bd ||||f |||| 00| 0 fre d
037 ## - SOURCE D'ACQUISITION
Source d'acquisition et du numéro d'inventaire don de l´auteur
039 ## - NIVEAU DE CONTRÔLE BIBLIOGRAPHIQUE ET HISTORIQUE D'ENCODAGE [OBSOLETE]
Date creation 20260609121957.0
Nom catalographe Jean Baptiste Ndikumana
040 0# - SOURCE DU CATALOGAGE
Organisme qui a effectué le catalogage original BI-BuBU
Code de la langue utilisée dans le catalogage fre
Organisme qui a effectué la transcription BI-BuBU
Organisme qui a effectué la modification BI-BuBU
080 ## - INDICE DE LA CLASSIFICATION DÉCIMALE UNIVERSELLE (CDU)
Indice de la Classification décimale universelle 633.72
100 1# - VEDETTE PRINCIPALE - NOM DE PERSONNE
Code de relation aut.
Nom de personne Niyoyankunze,Théogène
245 10 - MENTION DU TITRE
Titre Essai d´extraction et de quantification de la caféine dans les espèces camellia sinensis var.Assamica (Royle ex Hook.) Steenis (thé vert) et Andrographis paniculata(Burm.f.)Wall.ex Nees cultivées au burundi
Mention de responsabilité, etc. Théogène Niyoyankunze;Jérémie Ngezahayo, directeur
260 ## - PUBLICATION, DIFFUSION, ETC. (ADRESSE BIBLIOGRAPHIQUE)
Lieu de publication, diffusion, etc. Bujumbura
Nom de l'éditeur, diffuseur, etc. Université du burundi,Faculté des sciences
Date of publication, distribution, etc 2025
300 ## - DESCRIPTION MATÉRIELLE
Collation XII-39f
Dimensions 30cm
502 ## - NOTE DE THÈSE OU MÉMOIRE
Note de thèse Mémoire présenté en vue de l`obtention du diplôme de Master en sciences chimiques
650 #7 - VEDETTE-MATIÈRE - NOM COMMUN
Source du terme BI-BuBU
Vedette de sujet ou vedette comportant un nom géographique Thé vert
Subdivision de forme Caféine
Subdivision générale Composé chimique
650 #7 - VEDETTE-MATIÈRE - NOM COMMUN
Vedette de sujet ou vedette comportant un nom géographique Burm.f
Subdivision de forme Caféine
Subdivision générale Composé chimique
655 #7 - TERME D'INDEXATION - GENRE OU FORME
Source du terme BI-BuBU
700 1# - VEDETTE SECONDAIRE - NOM DE PERSONNE
Code de relation dir.
Nom d'auteur Ngezahayo Jérémie
710 ## - VEDETTE SECONDAIRE - NOM DE COLLECTIVITÉ
Code de relation aut
Nom de la collectivité ou nom de lieu comme élément de classement Faculté des sciences
942 ## - ÉLÉMENTS D'ENTRÉE ADDITIONNELLE (KOHA)
Source de la classification ou du système de rangement
Type d item koha Memoire
Holdings
Statut de retrait Statut de perte Source de la classification ou du système de rangement Statut de déterioration Exclu du prêt Numéro d item Koha Localisation permanente Localisation actuelle Source d'acquisition Nombre de prêts Cote Code-barres Date last seen Prix en vigueur à partir du Type d item koha Date d'acquisition
          85850 Bibliothèque Centrale Bibliothèque Centrale don de l´auteur   633.72NIY. 5010000672911 09/06/2026 09/06/2026 Memoire  
          85852 Bibliothèque Centrale Bibliothèque Centrale     633.72   09/06/2026 09/06/2026 Memoire 09/06/2026
© 2019-2026 - Bibliothèques de l'Université du Burundi |Tous droits réservés
home | Pour toute information urgente Contactez nous | tel whatsupp: +25779204313